Algebra for college students (Record no. 15192)
[ view plain ]
| 000 -LEADER | |
|---|---|
| fixed length control field | 01262cam a22003494a 4500 |
| 001 - CONTROL NUMBER | |
| control field | 11778212 |
| 003 - CONTROL NUMBER IDENTIFIER | |
| control field | OSt |
| 005 - DATE AND TIME OF LATEST TRANSACTION | |
| control field | 20140310182703.0 |
| 008 - FIXED-LENGTH DATA ELEMENTS--GENERAL INFORMATION | |
| fixed length control field | 990802s2000 maua 001 0 eng |
| 010 ## - LIBRARY OF CONGRESS CONTROL NUMBER | |
| LC control number | 99040279 |
| 020 ## - INTERNATIONAL STANDARD BOOK NUMBER | |
| International Standard Book Number | 0071202773 |
| 035 ## - SYSTEM CONTROL NUMBER | |
| System control number | (DLC) 99040279 |
| 040 ## - CATALOGING SOURCE | |
| Original cataloging agency | DLC |
| Transcribing agency | DLC |
| Modifying agency | DLC |
| 042 ## - AUTHENTICATION CODE | |
| Authentication code | pcc |
| 050 00 - LIBRARY OF CONGRESS CALL NUMBER | |
| Classification number | QA 152.2 |
| Item number | .D867 2000 |
| 082 00 - DEWEY DECIMAL CLASSIFICATION NUMBER | |
| Classification number | M 512.9 |
| -- | 21 |
| Item number | D93 2000 |
| 100 1# - MAIN ENTRY--PERSONAL NAME | |
| Personal name | Dugopolski, Mark. |
| 245 10 - TITLE STATEMENT | |
| Title | Algebra for college students |
| Statement of responsibility, etc | Dugopolski, Mark |
| 250 ## - EDITION STATEMENT | |
| Edition statement | 2nd ed. |
| 260 ## - PUBLICATION, DISTRIBUTION, ETC. (IMPRINT) | |
| Place of publication, distribution, etc | Boston |
| Name of publisher, distributor, etc | McGraw-Hill |
| Date of publication, distribution, etc | c2000 |
| 300 ## - PHYSICAL DESCRIPTION | |
| Extent | xviii, 739, 94, 9 p. |
| Other physical details | ill. |
| Dimensions | 25 cm. |
| Accompanying material | 1 computer disk (3 1/2 in.) |
| 500 ## - GENERAL NOTE | |
| General note | Includes index. |
| 521 ## - TARGET AUDIENCE NOTE | |
| Target audience note | |
| 526 ## - STUDY PROGRAM INFORMATION NOTE | |
| Reading level | 1210L to 1700L |
| 538 ## - SYSTEM DETAILS NOTE | |
| System details note | System requirements for accompanying computer disc: IBM PC or compatible system; Microsoft Windows 95, Windows 98, or Windows NT. |
| 541 ## - IMMEDIATE SOURCE OF ACQUISITION NOTE | |
| -- | 1 |
| 562 ## - COPY AND VERSION IDENTIFICATION NOTE | |
| Number of copies | for circulation. 1 copy available in the collection |
| 650 #0 - SUBJECT ADDED ENTRY--TOPICAL TERM | |
| Topical term or geographic name as entry element | Algebra. |
| 906 ## - LOCAL DATA ELEMENT F, LDF (RLIN) | |
| a | 7 |
| b | cbc |
| c | orignew |
| d | 1 |
| e | ocip |
| f | 19 |
| g | y-gencatlg |
| 942 ## - ADDED ENTRY ELEMENTS (KOHA) | |
| Source of classification or shelving scheme | Library of Congress Classification |
| Koha item type | Books |
| Call number prefix | |
| Withdrawn status | Lost status | Source of classification or shelving scheme | Damaged status | Home library | Current library | Shelving location | Date acquired | Total Checkouts | Total Renewals | Full call number | Barcode | Date last seen | Date checked out | Copy number | Price effective from | Koha item type |
|---|---|---|---|---|---|---|---|---|---|---|---|---|---|---|---|---|
| Library of Congress Classification | College Library | College Library | General Circulation Section | 04/19/2012 | 1 | 13 | QA 152.2 .D867 2000 | c0459 | 05/15/2018 | 08/05/2016 | 1 | 04/19/2012 | Books |